[Event "Rata PELADA Y VIEJA"]
[Site "http://www.queenalice.com/game.php?id=1075233"]
[Date "2012.6.23"]
[Round "-"]
[White "clodoaldopaiva2012"]
[Black "tulsam"]
[Result "1-0"]
[WhiteElo "1340"]
[BlackElo "1345"]

1. e4 g6 2. e5 Bg7 3. d4 e6 4. c4 c6 5. c5 b6 6. Nf3 bxc5 7. Bg5 f6 8. exf6 Nxf6
9. dxc5 Qa5+ 10. Nc3 Qxc5 11. Be3 Qe7 12. Bd3 Nd5 13. Ne4 Bxb2 14. Bc5 Qf7 15.
Nd6+ Kf8 16. Nxf7+ Kxf7 17. Ng5+ Kf6 18. Qf3+ Kxg5 19. h4+ Kh6 20. Bf8+ Rxf8 21.
Qxf8+ Kh5 22. g4+ Kxg4 23. Be2# 1-0

[Event "Kraj´s Challenge"]
[Site "http://www.queenalice.com/game.php?id=1077714"]
[Date "2012.6.30"]
[Round "-"]
[White "Krajnicov"]
[Black "tulsam"]
[Result "1-0"]
[WhiteElo "1483"]
[BlackElo "1355"]

1. e4 g6 2. b3 Bg7 3. c3 e6 4. Bc4 d5 5. Bd3 d4 6. c4 b6 7. Qf3 Ba6 8. h4 Nf6 9.
e5 Nfd7 10. Qf4 Nxe5 11. Be4 c6 12. Nf3 Nbd7 13. Bxc6 Nxc6 14. Qd6 Nce5 15. Nxd4
Nd3+ 16. Ke2 N3e5 17. d3 Rc8 18. Nb5 Nc6 19. Bg5 f6 20. Qxe6+ Qe7 21. Nd6+ Kd8
22. Nf7+ Kc7 23. Bf4+ Kb7 24. Qxe7 Nxe7 25. Rh3 Rhf8 26. Nd6+ Ka8 27. Re3 f5 28.
Rxe7 Bxa1 29. Rxd7 Rc6 30. Nb5 Bxb5 31. cxb5 Rc2+ 32. Kf3 Re8 33. Na3 Rce2 34.
Nc4 Bc3 35. Rxh7 Rxa2 36. Ne5 Bxe5 37. Bg5 Re2 38. Kxe2 a5 39. Bc1 Bd4+ 40. Kf3
Rc8 41. Bf4 Rc3 42. Kg3 Rxd3+ 43. f3 Rxb3 44. Rh6 a4 45. Rxg6 a3 46. Rc6 a2 47.
Rc1 Rb1 48. Rc8+ Kb7 49. Rc7+ Ka8 50. Rc8+ Kb7 51. Rc7+ Kb8 52. Rc2+ Kb7 53.
Rxa2 Rb2 54. Ra4 Bf2+ 55. Kh3 Rb1 56. Ra2 Bc5 57. Rc2 Rh1+ 58. Kg3 Bf8 59. Rc1
Rxc1 60. Bxc1 Kc7 61. h5 Kd6 62. Be3 Kc7 63. Kf4 Bh6+ 64. Kxf5 Bxe3 65. f4 Kd6
66. h6 Bd4 67. h7 Kc5 68. Kg6 Kxb5 69. f5 Kc6 70. f6 b5 71. f7 b4 72. f8=Q b3
73. Qf3+ 1-0

[Event "Kraj´s Challenge"]
[Site "http://www.queenalice.com/game.php?id=1077721"]
[Date "2012.6.30"]
[Round "-"]
[White "tulsam"]
[Black "Krajnicov"]
[Result "1-0"]
[WhiteElo "1296"]
[BlackElo "1404"]

1. g3 e5 2. Bg2 Bc5 3. e3 Qf6 4. Qe2 Ne7 5. b3 Nd5 6. Bxd5 c6 7. Bg2 d5 8. Bb2
Bf5 9. f4 Bxc2 10. fxe5 Qf5 11. e4 Qg5 12. Nf3 Qg6 13. Nc3 O-O 14. exd5 Bd3 15.
Nh4 Qg5 16. Qxd3 Qxe5+ 17. Ne4 f5 18. Bxe5 Nd7 19. Nxc5 Nxe5 20. Qd4 Rae8 21.
dxc6 Nf3+ 22. Kd1 Nxd4 23. cxb7 Rb8 24. Re1 f4 25. gxf4 Rxf4 26. Re4 Rxh4 27.
Rxh4 Nf5 28. Rb4 Kf7 29. Nd7 Rd8 30. b8=Q Rxb8 31. Rxb8 Nh4 32. Bc6 g5 33. d4
Nf5 34. d5 g4 35. Ne5+ Ke7 36. Nc4 g3 37. hxg3 Nxg3 38. d6+ Ke6 39. d7 h6 40.
d8=Q h5 41. Qd7+ Kf6 42. Re8 Kg5 43. Qf7 Kh4 44. Rg8 a6 45. Kc2 Kh3 46. Rg1 Ne2
47. Qf3+ Kh2 48. Qg2# 1-0

[Event "Challenge"]
[Site "http://www.queenalice.com/game.php?id=1077863"]
[Date "2012.6.30"]
[Round "-"]
[White "attiliottone"]
[Black "tulsam"]
[Result "0-1"]
[WhiteElo "1265"]
[BlackElo "1319"]

1. d4 g6 2. Nf3 Bg7 3. e4 c6 4. Bc4 d5 5. Bd3 Nd7 6. b4 e5 7. Nc3 exd4 8. Na4
Qe7 9. a3 dxe4 10. Bg5 f6 11. Bh4 exf3+ 12. Kf1 g5 13. Bg3 g4 14. gxf3 b5 15.
Nb2 Ne5 16. Be4 Qd6 17. f4 Nc4 18. Nxc4 bxc4 19. c3 f5 20. Bg2 d3 21. Qe1+ Ne7
22. Qb1 d2 23. b5 Bxc3 24. Bh4 Bxa1 25. Bxc6+ Nxc6 26. bxc6 d1=Q+ 27. Kg2 Qxb1
28. Rxb1 Qxc6+ 29. Kg1 Bf6 30. Re1+ Kf7 31. Bg3 Re8 32. h4 Rxe1+ 33. Kh2 Rb8 34.
f3 Rbb1 35. Kg2 Re2+ 36. Bf2 Qxf3+ 37. Kh2 Rxf2# 0-1

[Event "MISTURE II"]
[Site "http://www.queenalice.com/game.php?id=1078770"]
[Date "2012.7.3"]
[Round "-"]
[White "rogeriooliveira"]
[Black "tulsam"]
[Result "1-0"]
[WhiteElo "1371"]
[BlackElo "1349"]

1. e4 g6 2. d4 Bg7 3. Nf3 e6 4. Bb5 c6 5. Be2 d6 6. e5 Ne7 7. O-O Rf8 8. Nc3 f6
9. exf6 Bxf6 10. Re1 b5 11. Ne4 d5 12. Nxf6+ Rxf6 13. Bg5 Rf7 14. Bxe7 Qxe7 15.
Bd3 Nd7 16. Re3 a5 17. b3 c5 18. dxc5 Nxc5 19. Qe1 Rb8 20. a3 b4 21. axb4 axb4
22. Rd1 d4 23. Re2 Rf4 24. Bc4 Qf6 25. Rxd4 Rb6 26. Bxe6 Rxe6 27. Rxe6+ Nxe6 28.
c3 bxc3 29. Qxc3 Rxd4 30. Nxd4 Nxd4 31. b4 Bd7 32. Qc4 Ne6 33. b5 Qa1+ 34. Qf1
Qe5 35. b6 Bb5 36. Qc1 Nc5 37. Qb1 Bc6 38. Qc1 h5 39. Qb1 Qe4 40. b7 Nxb7 41. f3
Qe3+ 42. Kh1 Qf2 43. Qg1 Qh4 44. h3 g5 45. g3 Qxh3+ 46. Qh2 Bxf3+ 47. Kg1 Qg4
48. Kf2 Nd6 49. Ke3 Qe4+ 50. Kd2 Nc4+ 51. Kc3 Ne5 52. Qh3 Qe3+ 53. Kb4 Bg4 54.
Qf1 1-0

[Event "Challenge"]
[Site "http://www.queenalice.com/game.php?id=1078937"]
[Date "2012.7.3"]
[Round "-"]
[White "Rogerio11"]
[Black "tulsam"]
[Result "0-1"]
[WhiteElo "1221"]
[BlackElo "1333"]

1. e4 g6 2. Bc4 Bg7 3. Qf3 e6 4. d4 Bxd4 5. Qd3 Qf6 6. Nf3 Bxb2 7. Bxb2 Qxb2 8.
O-O Qxa1 9. Ne5 Qxe5 10. Nc3 Nf6 11. a4 b6 12. Nb5 Nxe4 13. f3 Nc5 14. f4 Qe4
15. Qc3 Rf8 16. Nxc7+ Kd8 17. Qg7 Kxc7 18. Qxf8 Qxc4 19. Qxf7 Ba6 20. Rd1 Qxc2
21. Re1 Nd3 22. Re3 Qd1+ 23. Re1 Qxe1# 0-1

[Event "Challenge"]
[Site "http://www.queenalice.com/game.php?id=1079842"]
[Date "2012.7.6"]
[Round "-"]
[White "LuizFerreira"]
[Black "tulsam"]
[Result "1-0"]
[WhiteElo "1368"]
[BlackElo "1310"]

1. d4 g6 2. Nf3 Bg7 3. b4 d6 4. h4 e5 5. g3 Qe7 6. e4 exd4 7. Nfd2 d3 8. c3 b6
9. Bxd3 d5 10. b5 a6 11. Ba3 c5 12. Nf3 Nd7 13. Ng5 f6 14. Nh3 c4 15. Bxe7 Kxe7
16. Be2 dxe4 17. Qd5 Ra7 18. Qxe4+ Ne5 19. Nf4 f5 20. Qd4 Be6 21. Qxb6 Nd7 22.
Qxa7 Nh6 23. Qxa6 Nc5 24. Qa7+ Kf6 25. Qxc5 Re8 26. Qc6 Nf7 27. Qxe8 1-0

[Event "Challenge"]
[Site "http://www.queenalice.com/game.php?id=1081480"]
[Date "2012.7.11"]
[Round "-"]
[White "attiliottone"]
[Black "tulsam"]
[Result "1/2-1/2"]
[WhiteElo "1221"]
[BlackElo "1314"]

1. Nf3 g6 2. e4 Bg7 3. Nc3 d6 4. Bc4 e6 5. O-O c6 6. b4 d5 7. Bb3 dxe4 8. Nxe4
Bxa1 9. c3 Nf6 10. Re1 b6 11. Ba3 Qd3 12. Nxf6+ Ke7 13. Re3 Qb5 14. Qxa1 c5 15.
c4 Qa6 16. Bc1 b5 17. Qc3 Nd7 18. Nxd7 Bxd7 19. Qe5 bxc4 20. Qxc5+ Ke8 21. Bxc4
Qc6 22. Qd4 Ke7 23. Ne5 Qd6 24. Qf4 Rhf8 25. Qh4+ f6 26. Nf3 Rac8 27. Qxh7+ Rf7
28. Qxg6 Rxc4 29. Ba3 Qc6 30. g4 e5 31. b5+ Qd6 32. Bxd6+ Kxd6 33. Qxf7 Rxg4+
34. Kf1 Be6 35. Qxa7 Bc4+ 36. d3 Bxb5 37. Qb8+ Kc6 38. Qf8 e4 39. Qg7 Rf4 40.
Nd4+ Kc5 41. Ne6+ Kd5 42. Nxf4+ Kd4 43. Qxf6+ Kc5 44. Qc3+ Kb6 45. Nd5+ Ka6 46.
Qc8+ Ka5 47. Qa8+ Ba6 48. Rxe4 Kb5 49. Nc7+ Kb6 50. Rb4+ Ka5 51. a3 1/2-1/2

[Event "Challenge"]
[Site "http://www.queenalice.com/game.php?id=1083683"]
[Date "2012.7.17"]
[Round "-"]
[White "clodoaldopaiva2012"]
[Black "tulsam"]
[Result "1-0"]
[WhiteElo "1360"]
[BlackElo "1329"]

1. g3 g6 2. e4 Bg7 3. d4 c6 4. e5 e6 5. Bc4 d5 6. exd6 Qxd6 7. Bf4 Qb4+ 8. Nd2
Bxd4 9. c3 Bxc3 10. bxc3 Qxc3 11. Ne2 Qa5 12. O-O Nf6 13. Bd6 Qf5 14. Bc7 Na6
15. Ba5 Qxa5 16. Nb3 Qa4 17. Qd4 Ke7 18. Rfd1 Rd8 19. Qxd8# 1-0

[Event "SUL V"]
[Site "http://www.queenalice.com/game.php?id=1085388"]
[Date "2012.7.21"]
[Round "-"]
[White "rogeriooliveira"]
[Black "tulsam"]
[Result "0-1"]
[WhiteElo "1454"]
[BlackElo "1354"]

1. e4 g6 2. d4 Bg7 3. Nc3 e6 4. Nf3 c6 5. Bc4 d5 6. exd5 exd5 7. Be2 Qe7 8. O-O
Nd7 9. Bg5 f6 10. Be3 b5 11. Nb1 f5 12. Nc3 b4 13. Na4 h5 14. Re1 a5 15. Bg5 Bf6
16. Bxf6 Qxf6 17. Qd3 Ne7 18. Qe3 f4 19. Qd2 g5 20. g3 h4 21. g4 Qe6 22. Rad1
Qxg4+ 23. Kf1 Qh3+ 24. Kg1 Rg8 25. Bf1 Qxf3 26. Be2 Qh3 27. f3 Nf6 28. Bf1 Qxf3
29. Qf2 Qh5 30. h3 Ne4 31. Qe2 g4 32. Bg2 f3 33. Bxf3 gxf3+ 34. Kf1 Ng3+ 35. Kf2
fxe2 36. Rd2 Rf8+ 37. Kg2 Qf3+ 38. Kh2 Qf2# 0-1

[Event "Challenge"]
[Site "http://www.queenalice.com/game.php?id=1086543"]
[Date "2012.7.25"]
[Round "-"]
[White "clodoaldopaiva2012"]
[Black "tulsam"]
[Result "1-0"]
[WhiteElo "1381"]
[BlackElo "1342"]

1. g3 g6 2. Bh3 Bg7 3. d4 e6 4. e4 c6 5. e5 d6 6. f4 d5 7. Bd2 b6 8. Nf3 Nd7 9.
Be3 c5 10. Nc3 Ba6 11. Qd2 Rc8 12. O-O-O b5 13. g4 b4 14. Na4 Qa5 15. Nxc5 Nxc5
16. dxc5 Ne7 17. f5 exf5 18. gxf5 gxf5 19. Bg5 Qxc5 20. Nd4 Bxe5 21. Bxe7 Kxe7
22. Bxf5 Rc7 23. Qg5+ Ke8 24. Rhe1 Re7 25. Nf3 Qd6 26. Nxe5 Rxe5 27. Qg7 Qf8 28.
Rxe5+ Kd8 29. Qf6+ Kc7 30. Qxa6 f6 31. Qxa7+ Kc6 32. Bd7+ Kd6 33. Rdxd5# 1-0

[Event "Challenge"]
[Site "http://www.queenalice.com/game.php?id=1091509"]
[Date "2012.8.9"]
[Round "-"]
[White "LuizFerreira"]
[Black "tulsam"]
[Result "1-0"]
[WhiteElo "1362"]
[BlackElo "1344"]

1. d4 g6 2. Nf3 Bg7 3. Nc3 e6 4. h4 c5 5. a4 b6 6. Nb5 d5 7. Bf4 Nc6 8. Nc7+ Ke7
9. Nxa8 Nxd4 10. Bg5+ Bf6 11. Ne5 Qd6 12. Nc4 dxc4 13. e3 Qe5 14. c3 Nb3 15. Rb1
Bxg5 16. hxg5 Qxg5 17. Nc7 Nf6 18. Bxc4 Rd8 19. Qxb3 Qf5 20. Ra1 Ne8 21. Nb5 Nd6
22. Be2 e5 23. Nxa7 Be6 24. Qxb6 Qe4 25. Nc6+ Kd7 26. Nxd8 Qxg2 27. Rf1 Bd5 28.
Qa7+ Kxd8 29. Qxc5 Nf5 30. Rd1 Ne7 31. Qa5+ Ke8 32. c4 Nc6 33. Qa8+ Ke7 34. cxd5
Kd6 35. dxc6+ Ke6 36. Bc4+ Kf5 37. Rd4 exd4 38. Qa5+ Ke4 39. Qd5# 1-0

[Event "Challenge"]
[Site "http://www.queenalice.com/game.php?id=1093427"]
[Date "2012.8.15"]
[Round "-"]
[White "Rogerio11"]
[Black "tulsam"]
[Result "0-1"]
[WhiteElo "1308"]
[BlackElo "1333"]

1. e4 g6 2. Bc4 Bg7 3. Qf3 e6 4. d4 c6 5. e5 d5 6. b4 dxc4 7. Nc3 Qxd4 8. Rb1
Qxe5+ 9. Be3 Qxc3+ 10. Bd2 Qxc2 11. Rc1 Qxa2 12. Rxc4 Bb2 13. Rf4 e5 14. Rxf7
Qxf7 15. Ne2 Bf5 16. g4 e4 17. Qf4 Be6 18. Qxe4 Nf6 19. Qc2 Be5 20. b5 Nxg4 21.
f3 Qxf3 22. Rf1 Qh3 23. bxc6 bxc6 24. Bb4 Nxh2 25. Qc5 Qh4+ 26. Rf2 Nd7 27. Qxc6
Qxb4+ 28. Kd1 Bb3+ 29. Kc1 Qa3+ 30. Kd2 Rb8 31. Nc1 Qb4+ 32. Ke2 Rf8 33. Nxb3
Rxf2+ 34. Kxf2 Qxb3 35. Qg2 Bd4+ 36. Ke1 Qc3+ 37. Kd1 Rb1+ 38. Ke2 Qc2# 0-1

[Event "Challenge"]
[Site "http://www.queenalice.com/game.php?id=1095056"]
[Date "2012.8.20"]
[Round "-"]
[White "vangogh"]
[Black "tulsam"]
[Result "0-1"]
[WhiteElo "1378"]
[BlackElo "1328"]

1. e4 g6 2. Bc4 e6 3. Qf3 Bg7 4. d3 c6 5. Nc3 d5 6. exd5 cxd5 7. Bb5+ Bd7 8. Bf4
Bxc3+ 9. bxc3 Bxb5 10. Rb1 Qa5 11. Kd2 Bc6 12. Be5 d4 13. Bxh8 Bxf3 14. Nxf3 b6
15. Nxd4 Nd7 16. Nc6 Qc5 17. Nb4 Rc8 18. Bd4 Qg5+ 19. Be3 Qf6 20. Na6 Qxc3+ 21.
Ke2 Qxc2+ 22. Kf3 Ne5+ 23. Ke4 f6 24. Rbc1 Qxd3+ 25. Kf4 Qxa6 26. h4 Rc4+ 27.
Kg3 Qb7 28. f4 Rxc1 29. Rxc1 Nd7 30. Kg4 Qxg2# 0-1

[Event "Challenge"]
[Site "http://www.queenalice.com/game.php?id=1095639"]
[Date "2012.8.22"]
[Round "-"]
[White "clodoaldopaiva2012"]
[Black "tulsam"]
[Result "1-0"]
[WhiteElo "1395"]
[BlackElo "1361"]

1. e3 g6 2. Qf3 Bg7 3. e4 e6 4. d4 Bxd4 5. Bc4 c6 6. Qf4 d5 7. exd5 e5 8. Qg5
Qa5+ 9. Nc3 Bxc3+ 10. bxc3 Qxc3+ 11. Kd1 Qxa1 12. Nf3 cxd5 13. Bb5+ Bd7 14. Nxe5
Bxb5 15. Re1 Qd4+ 16. Bd2 Nc6 17. Nf3+ Nge7 18. Nxd4 Nxd4 19. Qxe7# 1-0

[Event "Invite N° 1"]
[Site "http://www.queenalice.com/game.php?id=1097448"]
[Date "2012.8.28"]
[Round "-"]
[White "Ferdyrojo"]
[Black "tulsam"]
[Result "1-0"]
[WhiteElo "1934"]
[BlackElo "1374"]

1. g4 g6 2. Bg2 Bg7 3. d4 c6 4. e4 e5 5. dxe5 Bxe5 6. Nf3 Qe7 7. Nxe5 Qxe5 8.
Nd2 d5 9. O-O dxe4 10. Nxe4 Nf6 11. Nxf6+ Qxf6 12. Re1+ Be6 13. Bh6 g5 14. f4
Qxh6 15. f5 Rf8 16. fxe6 fxe6 17. Qd6 Qf6 18. Rxe6+ Kf7 19. Rxf6+ Kg7 20. Qxf8#
1-0

[Event "Invite N° 2"]
[Site "http://www.queenalice.com/game.php?id=1097450"]
[Date "2012.8.28"]
[Round "-"]
[White "tulsam"]
[Black "Ferdyrojo"]
[Result "0-1"]
[WhiteElo "1351"]
[BlackElo "1909"]

1. g3 g6 2. Bg2 Bg7 3. c3 Nf6 4. d4 c6 5. e4 d6 6. d5 O-O 7. dxc6 Nxc6 8. Nf3
Nxe4 9. Nd4 Nxd4 10. cxd4 d5 11. O-O Nf6 12. Nd2 Bd7 13. b3 Qc8 14. Re1 Re8 15.
Ba3 e6 16. Rc1 Qd8 17. Qf3 Bc6 18. Bh3 Rc8 19. b4 Ba4 20. g4 Re7 21. g5 Ne8 22.
b5 Rxc1 23. Rxc1 Rc7 24. Qg3 Rxc1+ 25. Bxc1 Bxb5 26. Bb2 Nd6 0-1

[Event "Challenge"]
[Site "http://www.queenalice.com/game.php?id=1098080"]
[Date "2012.8.30"]
[Round "-"]
[White "clodoaldopaiva2012"]
[Black "tulsam"]
[Result "1-0"]
[WhiteElo "1410"]
[BlackElo "1346"]

1. e4 g6 2. e5 Bg7 3. d4 d6 4. Nf3 c6 5. Bf4 Qa5+ 6. c3 f6 7. exd6 g5 8. Nxg5
fxg5 9. Qh5+ Kd8 10. dxe7+ Nxe7 11. Bxg5 Re8 12. Be2 h6 13. Bxe7+ Rxe7 14. Qxa5+
b6 15. Qb4 Ba6 16. Qd6+ Nd7 17. Qxc6 Rxe2+ 18. Kd1 Rc8 19. Qd5 Bf6 20. c4 Bxc4
21. Qh5 Bg5 22. Nc3 Re5 23. dxe5 Nxe5 24. Re1 Rc5 25. Ne4 Bd3 26. Nxc5 1-0

[Event "Challenge"]
[Site "http://www.queenalice.com/game.php?id=1099718"]
[Date "2012.9.5"]
[Round "-"]
[White "tulsam"]
[Black "clodoaldopaiva2012"]
[Result "0-1"]
[WhiteElo "1348"]
[BlackElo "1431"]

1. g3 e5 2. Bg2 d5 3. e3 h5 4. d4 e4 5. c3 c5 6. dxc5 Bxc5 7. b4 Bb6 8. Nd2 Qg5
9. c4 Bg4 10. Qa4+ Nd7 11. c5 Bc7 12. Qb3 Ngf6 13. f4 exf3 14. Bxf3 O-O 15. Qc3
d4 16. Qxd4 Be5 17. Ne4 Nxe4 18. Qxe4 Bxa1 19. Qd3 Ne5 20. Qd5 Qf5 21. e4 Bc3+
22. Bd2 Nxf3+ 23. Nxf3 Qxf3 24. Rf1 Qe2# 0-1

[Event "If 1"]
[Site "http://www.queenalice.com/game.php?id=1100038"]
[Date "2012.9.5"]
[Round "-"]
[White "tulsam"]
[Black "If"]
[Result "1-0"]
[WhiteElo "1329"]
[BlackElo "1551"]

1. g3 e5 2. Bg2 Nf6 3. e3 e4 4. d3 d5 5. Qe2 exd3 6. Qxd3 Nc6 7. e4 dxe4 8. Bxe4
Bb4+ 9. c3 Qxd3 10. Bxd3 O-O 11. Nf3 Bc5 12. Be3 Bxe3 13. fxe3 Bg4 14. Ng5 Rae8
15. e4 h6 16. h3 Be6 17. Nf3 Rd8 18. Bc2 Bc4 19. e5 Nh5 20. Nbd2 Nxg3 21. Rg1
Ne2 22. Rg2 Nf4 23. Rg4 Nd3+ 24. Ke2 Ndxe5+ 25. Rxc4 Nxf3 26. Nxf3 Rfe8+ 27. Kf2
Rd7 28. Re1 Red8 29. Rce4 Kf8 30. b4 b5 31. a4 bxa4 32. Bxa4 Rd6 33. b5 Na5 34.
c4 Re8 35. Rxe8# 1-0

[Event "Challenge"]
[Site "http://www.queenalice.com/game.php?id=1101267"]
[Date "2012.9.9"]
[Round "-"]
[White "LeandroJunio"]
[Black "tulsam"]
[Result "1-0"]
[WhiteElo "1552"]
[BlackElo "1359"]

1. e4 g6 2. d4 e6 3. Nf3 d5 4. e5 Bg7 5. Nc3 c6 6. Bd3 Nd7 7. O-O a6 8. Bf4 b5
9. b4 h6 10. Re1 g5 11. Be3 f6 12. exf6 Ngxf6 13. a3 g4 14. Nd2 Bb7 15. Bf4 Qe7
16. Bf5 exf5 17. Rxe7+ Kxe7 18. Qe2+ Kf7 19. Re1 Rae8 20. Qd1 h5 21. Rxe8 Rxe8
22. a4 Nb6 23. axb5 axb5 24. Nb3 h4 25. Nc5 Bc8 26. f3 gxf3 27. Qxf3 Re1+ 28.
Kf2 Rh1 29. h3 1-0

[Event "Challenge"]
[Site "http://www.queenalice.com/game.php?id=1105184"]
[Date "2012.9.21"]
[Round "-"]
[White "tulsam"]
[Black "clodoaldopaiva2012"]
[Result "1-0"]
[WhiteElo "1335"]
[BlackElo "1444"]

1. g3 e5 2. Bg2 f5 3. e4 f4 4. gxf4 exf4 5. Qf3 Bd6 6. d3 h5 7. Bxf4 g5 8. Bxd6
cxd6 9. Qf5 Ne7 10. Qxg5 Nec6 11. Qg6+ Ke7 12. Qg7+ Ke6 13. Bh3# 1-0

[Event "Challenge"]
[Site "http://www.queenalice.com/game.php?id=1105270"]
[Date "2012.9.22"]
[Round "-"]
[White "clodoaldopaiva2012"]
[Black "tulsam"]
[Result "1-0"]
[WhiteElo "1439"]
[BlackElo "1372"]

1. e4 g6 2. e5 e6 3. d4 Bg7 4. Bc4 c6 5. Be3 d5 6. exd6 Qxd6 7. a3 b5 8. Bd3
Bxd4 9. Bxd4 Qxd4 10. Nc3 Qe5+ 11. Be2 Nd7 12. Nf3 Qc5 13. Ne4 Qf5 14. Nd6+ Ke7
15. Nxf5+ gxf5 16. Ne5 Nxe5 17. Qd4 Nd7 18. Qxh8 Ngf6 19. h3 Rb8 20. Bf3 Bb7 21.
Qg7 Nf8 22. Qg3 Rd8 23. O-O Ng6 24. Bxc6 Bxc6 25. Qc7+ Bd7 26. Qxa7 f4 27. Rad1
Nh4 28. Rd4 e5 29. Qc5+ Ke8 30. Qxe5+ Be6 31. Qxb5+ Ke7 32. Rxd8 f3 33. Qb4+
Kxd8 34. Rd1+ Nd5 35. c4 fxg2 36. cxd5 Bxd5 37. Qxh4+ f6 38. Rxd5+ Ke7 39. Kxg2
Ke6 40. Qe4+ Kf7 41. Rd7+ 1-0